000 00454nam a2200157 i 4500
001 83866
003 ES-MaACL
005 20230906174915.0
007 t|
008 041118s1971 sp ||||1| spa d
100 1 _aIparraguirre, Ignacio.
_965389
245 1 0 _aIdiazabal
_b: visión histórica /
_cIgnacio Iparraguirre.
260 _aSan Sebastián :
_bAuñamendi,
_c1971.
300 _a256 p., 8 lám. ;
_c21 cm.
852 _aES-MaACL
_jC-44755
_bR.77142
999 _c83866
_d83866